[Event "Prva liga Centralne Srbije"]
[Site "Golubac"]
[Date "2008.09.25"]
[Round "9.1"]
[White "Pavlovic, Dejan S"]
[Black "Ilincic, Zlatko"]
[Result "1-0"]
[WhiteElo "2385"]
[BlackElo "2519"]
[PlyCount "163"]
[EventDate "2008.09.20"]

1. e4 e5 2. Nf3 Nf6 3. d4 Nxe4 4. Bd3 d5 5. Nxe5 Nd7 6. O-O Nxe5 7. dxe5 Nc5 8.
Nc3 Nxd3 9. Qxd3 c6 10. Ne2 g6 11. Be3 Qe7 12. c4 Bf5 13. Qc3 dxc4 14. e6 f6
15. Bc5 Qxc5 16. Qxf6 Qe7 17. Qxh8 O-O-O 18. Qc3 Bd3 19. Rfe1 Bg7 20. Qc1 Qxe6
21. Nf4 Qf6 22. Ne6 Bh8 23. Nxd8 Qxd8 24. Qd2 Bd4 25. Rac1 c5 26. b3 cxb3 27.
axb3 Bb5 28. Red1 Qc7 29. Qxd4 cxd4 30. Rxc7+ Kxc7 31. Rxd4 a5 32. f4 Bd7 33.
Kf2 Be6 34. Rd3 Kc6 35. Re3 Bf5 36. Re5 b6 37. Ke2 Bc2 38. Re3 Kd5 39. Kd2 Be4
40. g4 Kd4 41. Rh3 Bd5 42. Rxh7 Bxb3 43. Rb7 Be6 44. Rxb6 Bxg4 45. Rxg6 Bf5 46.
Ra6 Ke4 47. Rxa5 Kxf4 48. Ke2 Bh3 49. Kf2 Kg4 50. Ra4+ Kh5 51. Kg3 Bf1 52. Ra5+
Kh6 53. Kh4 Be2 54. Re5 Bc4 55. Rh5+ Kg6 56. Rc5 Bd3 57. Rd5 Be4 58. Rd6+ Kg7
59. Kg5 Bc2 60. Rd2 Be4 61. Rd7+ Kg8 62. Kh6 Bc2 63. Rd2 Be4 64. Rd8+ Kf7 65.
Rd4 Bc2 66. Rg4 Kf8 67. Rg5 Bd3 68. Kh5 Kf7 69. Kg4 Bg6 70. h4 Bd3 71. h5 Bc2
72. Kf4 Kf6 73. Rg1 Bd3 74. h6 Bg6 75. Ke3 Kf7 76. Kd4 Kf6 77. Kd5 Bf7+ 78. Kd6
Bg6 79. Rg3 Kf7 80. Ke5 Bc2 81. Rg7+ Kf8 82. Kf6 1-0

[Event "Prva liga Centralne Srbije"]
[Site "Golubac"]
[Date "2008.09.25"]
[Round "9.1"]
[White "Stojanovic, Dalibor"]
[Black "Radovanovic, Dusan"]
[Result "1-0"]
[WhiteElo "2450"]
[BlackElo "2350"]
[PlyCount "77"]
[EventDate "2008.09.20"]

1. e4 c5 2. Nc3 Nc6 3. Bb5 Nd4 4. Bc4 g6 5. Nf3 Bg7 6. Nxd4 cxd4 7. Qf3 Nh6 8.
Ne2 O-O 9. d3 Ng4 10. Bb3 d6 11. Qg3 Kh8 12. h4 h5 13. f3 Nf6 14. Qf2 d5 15.
Bg5 a5 16. a4 b5 17. axb5 dxe4 18. dxe4 d3 19. Nc3 dxc2 20. O-O Qd6 21. Bxc2
Be6 22. Rfd1 Qb4 23. e5 Nh7 24. Be4 Rad8 25. Bf4 Bb3 26. Rxd8 Rxd8 27. b6 Nf8
28. b7 Ne6 29. Be3 Bxe5 30. Bb6 a4 31. Kh1 Rf8 32. Nd5 Qd6 33. f4 Bxd5 34. fxe5
Qxe5 35. Bxd5 Qxd5 36. Re1 Kg8 37. Qg3 Nf4 38. Qxf4 Qxb7 39. Bd4 1-0

[Event "Prva liga Centralne Srbije"]
[Site "Golubac"]
[Date "2008.09.25"]
[Round "9.1"]
[White "Zivkovic, Ivan B"]
[Black "Milanovic, Danilo"]
[Result "1/2-1/2"]
[WhiteElo "2308"]
[BlackElo "2529"]
[PlyCount "68"]
[EventDate "2008.09.20"]

1. e4 d5 2. exd5 Qxd5 3. Nc3 Qd6 4. d4 Nf6 5. Bc4 a6 6. Nge2 b5 7. Bb3 Bb7 8.
f3 e6 9. Ng3 c5 10. dxc5 Qxd1+ 11. Nxd1 Nbd7 12. c3 h5 13. h3 O-O-O 14. Bc2
Bxc5 15. Nf2 Ne5 16. Nge4 Nxe4 17. Nxe4 Bb6 18. Ke2 Nc6 19. Bf4 e5 20. Be3 Bxe3
21. Kxe3 Na5 22. b3 Bd5 23. Rhd1 Kc7 24. Rd2 Nb7 25. Rad1 Bc6 26. b4 Rxd2 27.
Rxd2 h4 28. Ng5 Nd8 29. Bb3 f6 30. Rxd8 Rxd8 31. Ne6+ Kd7 32. Nxd8 Kxd8 33. c4
Ke7 34. c5 f5 1/2-1/2

[Event "Prva liga Centralne Srbije"]
[Site "Golubac"]
[Date "2008.09.25"]
[Round "9.1"]
[White "Pap, Misa"]
[Black "Dudukovic, Nikola"]
[Result "1-0"]
[WhiteElo "2495"]
[BlackElo "2180"]
[PlyCount "85"]
[EventDate "2008.09.20"]

1. e4 e6 2. d4 d5 3. e5 c5 4. c3 Qb6 5. Nf3 Bd7 6. Bd3 cxd4 7. cxd4 Bb5 8. Nc3
Bxd3 9. Qxd3 Ne7 10. O-O Nec6 11. Rd1 h6 12. Nh4 Be7 13. Qg3 Kf8 14. Ne2 Qd8
15. Ng6+ fxg6 16. Nf4 Qd7 17. Qxg6 Kg8 18. Nxe6 Bd8 19. Rd3 Qf7 20. Qg4 Kh7 21.
Rg3 Rg8 22. Bg5 Qg6 23. f4 Bxg5 24. Nxg5+ Kh8 25. f5 Qe8 26. Rf1 Na6 27. f6 Qg6
28. Qh3 Nxd4 29. Nf7+ Qxf7 30. fxg7+ Qxg7 31. Rxg7 Rxg7 32. Qxh6+ Kg8 33. Qd2
Ne6 34. Qxd5 Re8 35. Rf6 Nac7 36. Qxb7 Nc5 37. Qf3 N7e6 38. h4 Nd7 39. Rf5 Rf8
40. Rxf8+ Nexf8 41. Qd5+ Kh8 42. e6 Nf6 43. Qd8 1-0

[Event "Prva liga Centralne Srbije"]
[Site "Golubac"]
[Date "2008.09.25"]
[Round "9.1"]
[White "Kolarevic, Darko"]
[Black "Nikolic, Zivoslav"]
[Result "1/2-1/2"]
[WhiteElo "2171"]
[BlackElo "2413"]
[PlyCount "26"]
[EventDate "2008.09.20"]

1. d4 Nf6 2. c4 d6 3. Nc3 e5 4. Nf3 Nc6 5. d5 Ne7 6. e4 Ng6 7. h4 h5 8. g3 Be7
9. Be2 Bg4 10. Be3 a5 11. Qd2 Nf8 12. b3 N8d7 13. Ng5 Bxe2 1/2-1/2

[Event "Prva liga Centralne Srbije"]
[Site "Golubac"]
[Date "2008.09.25"]
[Round "9.1"]
[White "Skakic, Zeljko"]
[Black "Matijevic, Nenad"]
[Result "1-0"]
[WhiteElo "2210"]
[BlackElo "2208"]
[PlyCount "85"]
[EventDate "2008.09.20"]

1. d4 d5 2. c4 e6 3. Nc3 Nf6 4. cxd5 exd5 5. Bg5 c6 6. e3 Be7 7. Qc2 Nbd7 8.
Bd3 Nf8 9. Nf3 g6 10. O-O Ne6 11. Bh4 Ng7 12. Ne5 Bf5 13. a3 Bxd3 14. Nxd3 Nf5
15. Bg3 Nxg3 16. hxg3 h5 17. Ne5 h4 18. gxh4 Rxh4 19. g3 Rh5 20. Kg2 Kf8 21.
Rh1 Kg7 22. Ne2 Qd6 23. Nf4 Rxh1 24. Rxh1 Ne4 25. f3 Ng5 26. Nh3 Ne6 27. f4 c5
28. f5 cxd4 29. Nxf7 Kxf7 30. fxe6+ Qxe6 31. Nf4 Qd6 32. Rh7+ Kg8 33. Rh6 Kf7
34. Nxg6 Rg8 35. Nh8+ Rxh8 36. Qf5+ Qf6 37. Rxf6+ Bxf6 38. Qxd5+ Kg6 39. exd4
Rd8 40. Qe4+ Kh6 41. d5 Rc8 42. Qf4+ Bg5 43. Qd6+ 1-0

[Event "Prva liga Centralne Srbije"]
[Site "Golubac"]
[Date "2008.09.25"]
[Round "9.2"]
[White "Petrov, Marijan"]
[Black "Savicevic, Vlatko"]
[Result "1-0"]
[WhiteElo "2490"]
[BlackElo "2334"]
[PlyCount "51"]
[EventDate "2008.09.20"]

1. e4 d6 2. d4 Nf6 3. Nc3 g6 4. Nf3 Bg7 5. Be2 O-O 6. O-O e6 7. Bg5 h6 8. Bh4
Nc6 9. Bb5 Ne7 10. e5 Nh7 11. Bd3 f5 12. exf6 Nxf6 13. Re1 Nf5 14. Bc4 Re8 15.
Qd3 c6 16. Bb3 Qe7 17. Re2 Qf7 18. Rae1 Bd7 19. Bxf6 Bxf6 20. Ne4 Be7 21. Nc5
dxc5 22. Rxe6 Kh7 23. Rxe7 Qxe7 24. Rxe7+ Rxe7 25. dxc5 Rae8 26. g4 1-0

[Event "Prva liga Centralne Srbije"]
[Site "Golubac"]
[Date "2008.09.25"]
[Round "9.2"]
[White "Simic, Dragisa"]
[Black "Trifunovic, Miroljub"]
[Result "0-1"]
[WhiteElo "2334"]
[BlackElo "2295"]
[PlyCount "87"]
[EventDate "2008.09.20"]

1. e4 e5 2. Nc3 Nf6 3. g3 d5 4. exd5 Nxd5 5. Bg2 Nxc3 6. bxc3 Bd6 7. Nf3 O-O 8.
O-O Nc6 9. d3 Bg4 10. h3 Bf5 11. Rb1 Rb8 12. g4 Bd7 13. Ng5 Be7 14. Ne4 f5 15.
gxf5 Bxf5 16. f4 Qd7 17. Qf3 Be6 18. Qg3 Bxa2 19. Ra1 exf4 20. Bxf4 Be6 21.
Bxc7 Rbc8 22. Bf4 Rf7 23. Be3 b6 24. Rxf7 Bxf7 25. Rf1 Bg6 26. h4 Rf8 27. Rxf8+
Kxf8 28. Ng5 Nd8 29. Qf3+ Qf5 30. Qa8 Qe5 31. Qf3+ Qf5 32. Qg3 h6 33. Be4 Qf6
34. Bxg6 Qxg6 35. Qf3+ Ke8 36. h5 Qd6 37. Ne4 Qd7 38. c4 Qa4 39. c3 Nf7 40. Bd4
Bf8 41. Qg4 Qd7 42. Qg6 Kd8 43. Bxg7 Be7 44. Qxf7 0-1

[Event "Prva liga Centralne Srbije"]
[Site "Golubac"]
[Date "2008.09.25"]
[Round "9.2"]
[White "Cvetkovic, Nemanja"]
[Black "Adzic, Momcilo"]
[Result "0-1"]
[WhiteElo "2246"]
[BlackElo "2244"]
[PlyCount "85"]
[EventDate "2008.09.20"]

1. d4 Nf6 2. c4 e6 3. Nf3 d5 4. Nc3 Be7 5. e3 O-O 6. Bd3 Nbd7 7. O-O dxc4 8.
Bxc4 c5 9. Qe2 cxd4 10. Nxd4 Ne5 11. Bb3 a6 12. Rd1 Qc7 13. e4 Ng6 14. Be3 Bd7
15. Rac1 Qa5 16. f3 Rac8 17. Qf2 b5 18. Nde2 Rc6 19. g4 Qc7 20. h4 Rc8 21. g5
Ne8 22. f4 Qb7 23. Nd4 R6c7 24. f5 Nf8 25. Rf1 Nd6 26. fxe6 Bxe6 27. Nxe6 fxe6
28. Nd5 Rxc1 29. Bxc1 Kh8 30. Nxe7 Qxe7 31. Qd4 Nc4 32. Bxc4 Rxc4 33. Qe5 Nd7
34. Qf4 Kg8 35. Be3 Rc8 36. Rd1 Nf8 37. h5 Rd8 38. Rc1 Qe8 39. Bb6 Rd7 40. Bc5
Rf7 41. Qd6 Rf3 42. Kg2 Qxh5 43. Bf2 0-1

[Event "Prva liga Centralne Srbije"]
[Site "Golubac"]
[Date "2008.09.25"]
[Round "9.2"]
[White "Gojkovic, Petar"]
[Black "Ljubisavljevic, Zivojin Z"]
[Result "1/2-1/2"]
[WhiteElo "2387"]
[BlackElo "2261"]
[PlyCount "31"]
[EventDate "2008.09.20"]

1. e4 c6 2. d4 g6 3. Nc3 Bg7 4. f4 d6 5. Nf3 Nf6 6. Be3 O-O 7. Qd2 b5 8. a3 a5
9. Bd3 Ng4 10. Bg1 Bb7 11. h3 Nf6 12. e5 b4 13. Ne4 Nxe4 14. Bxe4 Na6 15. Be3
Qc8 16. O-O 1/2-1/2

[Event "Prva liga Centralne Srbije"]
[Site "Golubac"]
[Date "2008.09.25"]
[Round "9.2"]
[White "Rajkovic, Ljubisa"]
[Black "Rajevic, Gavrilo"]
[Result "0-1"]
[WhiteElo "2194"]
[BlackElo "2282"]
[PlyCount "108"]
[EventDate "2008.09.20"]

1. e4 c5 2. Nf3 d6 3. d4 cxd4 4. Nxd4 Nf6 5. Nc3 a6 6. Be2 e5 7. Nb3 Be7 8. O-O
O-O 9. Be3 Be6 10. f4 Qc7 11. f5 Bc4 12. Rf2 b5 13. Bf3 b4 14. Nd5 Bxd5 15.
exd5 e4 16. Be2 Nbd7 17. Qd4 a5 18. Rc1 Qb7 19. Rd1 Rfc8 20. c4 bxc3 21. bxc3
a4 22. Nc1 Ne5 23. h3 Bd8 24. Bf1 Ba5 25. c4 Rc7 26. Rc2 Qc8 27. c5 Bb6 28.
cxb6 Rxc2 29. Qb4 Qc3 30. Qxc3 Rxc3 31. Bd4 Rc2 32. b7 Rb8 33. Ba6 Rc7 34. Ba7
Rbxb7 35. Bxb7 Rxb7 36. Bd4 Rb1 37. Bxe5 dxe5 38. d6 Kf8 39. Rf1 Rb2 40. Re1
Rb1 41. Rf1 Ke8 42. Ne2 Rb2 43. Nc3 a3 44. Rf2 Kd7 45. Rxb2 axb2 46. Kf2 Kxd6
47. Ke1 Nd5 48. Nb1 Kc5 49. Kd2 Kd4 50. a4 e3+ 51. Kc2 Nb4+ 52. Kxb2 e2 53. Nd2
e4 54. Nb3+ Ke5 0-1

[Event "Prva liga Centralne Srbije"]
[Site "Golubac"]
[Date "2008.09.25"]
[Round "9.2"]
[White "Markovic, Dejan M"]
[Black "Jakovljevic, Zivota"]
[Result "1-0"]
[WhiteElo "2339"]
[BlackElo "2124"]
[PlyCount "153"]
[EventDate "2008.09.20"]

1. d4 d5 2. c4 e6 3. Nc3 Nf6 4. Bg5 Nbd7 5. cxd5 exd5 6. e3 c6 7. Bd3 Be7 8.
Qc2 h6 9. Bh4 b6 10. Rc1 Bb7 11. Nf3 Nh5 12. Bxe7 Qxe7 13. O-O O-O 14. a3 Nhf6
15. b4 a5 16. b5 c5 17. Qb2 Rfe8 18. Rfe1 Qd6 19. Red1 Rac8 20. Bf5 c4 21. Nd2
g6 22. Bh3 Rc7 23. Re1 Nh5 24. Bxd7 Qxd7 25. Nf3 Qd6 26. Ne5 Nf6 27. a4 Nd7 28.
f4 Kg7 29. Qc2 Nf8 30. h3 f6 31. Nf3 Bc8 32. g4 Bb7 33. Kf2 Bc8 34. Rg1 Bb7 35.
Rce1 Ree7 36. h4 Bc8 37. Qd2 Kh7 38. g5 fxg5 39. hxg5 h5 40. Ne5 Kg7 41. Rh1
Re8 42. Qe2 Bf5 43. Qf3 Rd8 44. Kg3 Kg8 45. Rc1 Kg7 46. Rhd1 Kg8 47. e4 dxe4
48. Nxe4 Bxe4 49. Qxe4 Qd5 50. Qxd5+ Rxd5 51. Rxc4 Rxc4 52. Nxc4 Ne6 53. Nxb6
Rd8 54. Nc4 Rc8 55. d5 Ng7 56. Ne3 Rc3 57. Kf2 Kf7 58. Rb1 Ke7 59. b6 Rc8 60.
b7 Rb8 61. Nc4 Kd7 62. Nxa5 Kc7 63. Rc1+ Kb6 64. Rc8 Rxb7 65. Nxb7 Kxb7 66. Rf8
Kb6 67. Kf3 h4 68. Kg4 h3 69. Kxh3 Kc5 70. a5 Kb5 71. f5 gxf5 72. g6 Kxa5 73.
Rf7 Nh5 74. Rxf5 Ng7 75. Rf7 Ne8 76. g7 Nxg7 77. Rxg7 1-0

[Event "Prva liga Centralne Srbije"]
[Site "Golubac"]
[Date "2008.09.25"]
[Round "9.3"]
[White "Spasov, Vasil"]
[Black "Markovic, Zoran S"]
[Result "1-0"]
[WhiteElo "2589"]
[BlackElo "2384"]
[PlyCount "65"]
[EventDate "2008.09.20"]

1. e4 c5 2. Nf3 e6 3. d4 cxd4 4. Nxd4 Nf6 5. Nc3 Nc6 6. Ndb5 d6 7. Bf4 e5 8.
Bg5 a6 9. Na3 b5 10. Nd5 Qa5+ 11. Bd2 Qd8 12. Bd3 Nxd5 13. exd5 Ne7 14. c4 g6
15. cxb5 Bg7 16. O-O O-O 17. bxa6 Bxa6 18. Bxa6 Rxa6 19. Nb5 Qb8 20. a4 f5 21.
Rc1 f4 22. Bb4 f3 23. g3 Nf5 24. Re1 Nd4 25. Nxd4 exd4 26. Bd2 Qb7 27. a5 Qxd5
28. Qa4 d3 29. Rc7 Qf5 30. Qc4+ Kh8 31. Rxg7 Kxg7 32. Re7+ Kf6 33. Bg5+ 1-0

[Event "Prva liga Centralne Srbije"]
[Site "Golubac"]
[Date "2008.09.25"]
[Round "9.3"]
[White "Brankovic, Dejan"]
[Black "Vojinovic, Goran"]
[Result "1/2-1/2"]
[WhiteElo "2398"]
[BlackElo "2468"]
[PlyCount "20"]
[EventDate "2008.09.20"]

1. e4 e6 2. Nf3 d5 3. Nc3 dxe4 4. Nxe4 Nd7 5. d4 Ngf6 6. Bg5 Be7 7. Bxf6 Bxf6
8. Bd3 c5 9. O-O cxd4 10. Nxf6+ Nxf6 1/2-1/2

[Event "Prva liga Centralne Srbije"]
[Site "Golubac"]
[Date "2008.09.25"]
[Round "9.3"]
[White "Raicevic, Vladimir"]
[Black "Panic, Nenad"]
[Result "1/2-1/2"]
[WhiteElo "2418"]
[BlackElo "2360"]
[PlyCount "140"]
[EventDate "2008.09.20"]

1. d4 Nf6 2. Nf3 e6 3. g3 c5 4. Bg2 Nc6 5. O-O b6 6. c4 cxd4 7. Nxd4 Bb7 8. Bf4
a6 9. Nc3 Rc8 10. Qa4 Na5 11. Bxb7 Rxc4 12. Qxc4 Nxc4 13. Nc6 dxc6 14. Bxc6+
Ke7 15. Rfd1 Qc8 16. Ba4 b5 17. Nxb5 axb5 18. Bxb5 g5 19. Bxg5 Nb6 20. Rac1 Qb7
21. Rc6 Nbd5 22. Rxd5 Qxc6 23. Bxc6 exd5 24. Bxd5 h6 25. Bh4 Bg7 26. a4 Rc8 27.
b3 Rc2 28. Bc4 Kd6 29. Kg2 Nd5 30. Kf3 f5 31. h3 Rc3+ 32. e3 Nb6 33. Bg8 Nd5
34. g4 fxg4+ 35. Kxg4 Rxb3 36. e4 Ne3+ 37. fxe3 Rxe3 38. Bd5 Ra3 39. Be1 Rxa4
40. Kf5 Ra1 41. Bb4+ Kd7 42. Kg6 Be5 43. Kxh6 Rh1 44. Kg6 Rxh3 45. Bd2 Rf3 46.
Bg5 Kd6 47. Bd2 Kc5 48. Bc1 Rf6+ 49. Kg5 Kb4 50. Kg4 Kc3 51. Bg5 Rf1 52. Bc6
Kd4 53. Bd5 Bd6 54. Bh6 Be5 55. Bg5 Rf2 56. Bc6 Rf8 57. Bd5 Kd3 58. Bc6 Ke2 59.
Bd5 Kf2 60. Bh4+ Ke3 61. Bg5+ Kd4 62. Bh6 Rf1 63. Bg5 Kc5 64. Be7+ Kb6 65. Kg5
Kc7 66. Be6 Kc6 67. Bf5 Bd4 68. Kg6 Be5 69. Kf7 Re1 70. Ke6 Bd4 1/2-1/2

[Event "Prva liga Centralne Srbije"]
[Site "Golubac"]
[Date "2008.09.25"]
[Round "9.3"]
[White "Organdziev, Oliver"]
[Black "Jevtic, Sasa"]
[Result "1-0"]
[WhiteElo "2274"]
[BlackElo "2206"]
[PlyCount "145"]
[EventDate "2008.09.20"]

1. e4 d5 2. exd5 Qxd5 3. Nc3 Qa5 4. Nf3 Nf6 5. Bc4 Bg4 6. Qe2 e6 7. h3 Qh5 8.
d4 c6 9. Bd2 Nbd7 10. O-O-O Bxf3 11. gxf3 O-O-O 12. Ne4 Nxe4 13. fxe4 Qxe2 14.
Bxe2 Nf6 15. e5 Nd7 16. Bg5 Re8 17. c3 Be7 18. Be3 Nb6 19. Rhg1 g6 20. c4 Rd8
21. b3 Kb8 22. a4 Bb4 23. Bf3 Rd7 24. Kc2 Rhd8 25. Bg5 Re8 26. Rd3 Na8 27. Bf4
Nc7 28. Rgd1 Kc8 29. Bg4 h5 30. Bf3 Red8 31. Bg5 Be7 32. Bxe7 Rxe7 33. b4 a6
34. a5 Red7 35. Be4 Re7 36. Kd2 Red7 37. Ke3 Kb8 38. R1d2 Kc8 39. h4 Kb8 40.
Kf4 Kc8 41. Kg5 Kb8 42. Kf4 Kc8 43. Kg3 Kb8 44. f4 Kc8 45. Bf3 Ne8 46. d5 cxd5
47. cxd5 Nc7 48. d6 Nb5 49. Rc2+ Kb8 50. Rc5 Rc8 51. Rxc8+ Kxc8 52. Bd1 b6 53.
Bf3 bxa5 54. bxa5 Kd8 55. Bc6 Ra7 56. Rb3 Kc8 57. Bxb5 axb5 58. Rxb5 Kd7 59.
Rc5 Kd8 60. Kf3 Rb7 61. a6 Rb3+ 62. Ke2 Ra3 63. Rc6 Ra1 64. Kd3 Ra4 65. Rb6 Ra1
66. Kc4 Kc8 67. Rc6+ Kd8 68. Kb5 Ra2 69. Rc4 Rb2+ 70. Ka5 Rb8 71. a7 Ra8 72.
Rc7 Ke8 73. Rb7 1-0

[Event "Prva liga Centralne Srbije"]
[Site "Golubac"]
[Date "2008.09.25"]
[Round "9.3"]
[White "Stefanovic, Vladimir"]
[Black "Stojanovic, Andjelija"]
[Result "1-0"]
[WhiteElo "2158"]
[BlackElo "2359"]
[PlyCount "113"]
[EventDate "2008.09.20"]

1. Nf3 d5 2. g3 c6 3. Bg2 Bg4 4. O-O Nd7 5. d3 e5 6. c4 Ngf6 7. cxd5 cxd5 8. h3
Bxf3 9. Bxf3 Be7 10. Nc3 d4 11. Nd5 Nxd5 12. Bxd5 Rb8 13. e3 O-O 14. Qf3 b6 15.
Bd2 Nf6 16. Bc4 b5 17. Bb3 a5 18. exd4 exd4 19. Bf4 Bd6 20. Bg5 h6 21. Bxf6
Qxf6 22. Qxf6 gxf6 23. Rac1 Rbc8 24. Bd5 f5 25. Bc6 f4 26. g4 Rb8 27. Bd7 Rfd8
28. Bf5 Re8 29. Rc6 Rbd8 30. Be4 Kg7 31. Kg2 a4 32. Kf3 Re7 33. Rfc1 a3 34. b3
Rdd7 35. h4 Bb4 36. Rb6 Bc3 37. Rxb5 Rd6 38. Rg1 f6 39. Kxf4 Bd2+ 40. Kf5 Rb6
41. Rc5 Rbe6 42. f4 Rd6 43. Rg2 Bb4 44. Rc4 Be1 45. g5 fxg5 46. hxg5 h5 47. Rc6
Rxc6 48. Bxc6 Rc7 49. Bd5 Re7 50. Be6 h4 51. Re2 Bg3 52. Kg4 Rc7 53. f5 Rc5 54.
Bc4 Rc7 55. Bd5 Rc5 56. f6+ Kf8 57. Bc4 1-0

[Event "Prva liga Centralne Srbije"]
[Site "Golubac"]
[Date "2008.09.25"]
[Round "9.3"]
[White "Zivkovic, Momcilo"]
[Black "Nesic, Nebojsa"]
[Result "1-0"]
[WhiteElo "2147"]
[BlackElo "2132"]
[PlyCount "99"]
[EventDate "2008.09.20"]

1. e4 e6 2. d4 d5 3. Nd2 Be7 4. Bd3 Nf6 5. e5 Nfd7 6. Qg4 O-O 7. Qh3 f5 8. g4
g6 9. Ne2 Rf7 10. gxf5 gxf5 11. Rg1+ Kh8 12. Qh5 Qe8 13. Nf3 Nf8 14. Ng5 Bxg5
15. Bxg5 Nbd7 16. Bh6 Ng6 17. Nf4 Ndf8 18. Bxf8 Nxf8 19. O-O-O Qe7 20. Qh6 Rg7
21. Nh5 Rg6 22. Rxg6 Nxg6 23. Rg1 Qf7 24. h4 Bd7 25. Nf6 Rd8 26. Qg5 Ne7 27. h5
c5 28. h6 Qg6 29. Nxh7 Rg8 30. Qxg6 Rxg6 31. Rxg6 Nxg6 32. Nf6 Bc6 33. c3 cxd4
34. cxd4 Ne7 35. Be2 Ng8 36. Kd2 Nxh6 37. Ke3 Kg7 38. Kf4 Ng8 39. Kg5 Ne7 40.
b3 a5 41. a3 a4 42. b4 Kf8 43. b5 Be8 44. Nxe8 Kxe8 45. Kf6 Kd7 46. b6 Nc8 47.
Bb5+ Kd8 48. Kxe6 Nxb6 49. Kf7 Nc4 50. Bxc4 1-0

[Event "Prva liga Centralne Srbije"]
[Site "Golubac"]
[Date "2008.09.25"]
[Round "9.4"]
[White "Bojkov, Dejan"]
[Black "Petkov, Vladimir"]
[Result "1/2-1/2"]
[WhiteElo "2498"]
[BlackElo "2423"]
[PlyCount "20"]
[EventDate "2008.09.20"]

1. d4 d5 2. c4 c6 3. Nc3 Nf6 4. cxd5 cxd5 5. Bf4 Nc6 6. e3 Bf5 7. Nf3 e6 8. Bd3
Bxd3 9. Qxd3 Bd6 10. Bxd6 Qxd6 1/2-1/2

[Event "Prva liga Centralne Srbije"]
[Site "Golubac"]
[Date "2008.09.25"]
[Round "9.4"]
[White "Manic, Jovica"]
[Black "Ristic, Nenad"]
[Result "1/2-1/2"]
[WhiteElo "2263"]
[BlackElo "2421"]
[PlyCount "69"]
[EventDate "2008.09.20"]

1. d4 Nf6 2. Bg5 Ne4 3. h4 c5 4. dxc5 Qa5+ 5. Nd2 e6 6. c3 Nxd2 7. b4 Qa3 8.
Bxd2 b6 9. cxb6 axb6 10. Qc2 Nc6 11. e4 Be7 12. Bc1 Qa7 13. Bg5 f6 14. Be3 O-O
15. Nf3 Qc7 16. Bd3 Ra3 17. O-O Ne5 18. Nxe5 Rxc3 19. Qe2 fxe5 20. h5 Bb7 21.
a3 Ra8 22. Bc1 Bf6 23. Bb2 Rc6 24. Rfd1 d5 25. Qg4 Kh8 26. a4 Qe7 27. b5 Rc7
28. Ba3 Qf7 29. Bb4 dxe4 30. Be2 Bd5 31. a5 bxa5 32. Rxa5 Rg8 33. b6 Rc2 34.
Ra7 Qe8 35. Bd2 1/2-1/2

[Event "Prva liga Centralne Srbije"]
[Site "Golubac"]
[Date "2008.09.25"]
[Round "9.4"]
[White "Ristic, Nebojsa M"]
[Black "Todorovic, Bojan"]
[Result "1-0"]
[WhiteElo "2366"]
[BlackElo "2277"]
[PlyCount "144"]
[EventDate "2008.09.20"]

1. d4 Nf6 2. Nf3 g6 3. g3 Bg7 4. Bg2 O-O 5. O-O d6 6. c4 Nc6 7. d5 Na5 8. Nfd2
c5 9. Nc3 a6 10. Qc2 Rb8 11. b3 b5 12. cxb5 axb5 13. Bb2 b4 14. Nd1 e5 15. dxe6
fxe6 16. e4 e5 17. Ne3 Nc6 18. f4 Nd4 19. Bxd4 exd4 20. Nec4 Ng4 21. Rae1 Ba6
22. Bf3 Ne3 23. Nxe3 dxe3 24. Nc4 Bd4 25. Be2 Bb7 26. Kg2 g5 27. Bd3 Qe7 28.
Nxe3 Rbe8 29. Bc4+ Kh8 30. Nd5 Bxd5 31. Bxd5 gxf4 32. Rxf4 Rxf4 33. gxf4 Qh4
34. Rf1 Re7 35. Qe2 Rg7+ 36. Kh1 h5 37. e5 Qg4 38. Qxg4 Rxg4 39. exd6 Rg6 40.
d7 Rd6 41. Bc6 Bf6 42. Bb5 Rd2 43. Rc1 Bc3 44. Rc2 Rd1+ 45. Kg2 Kg7 46. Kh3 Kg6
47. a4 c4 48. Rg2+ Kf5 49. Bxc4 Rxd7 50. Rg5+ Kxf4 51. Rxh5 Rd2 52. Rd5 Ra2 53.
Rd3 Be5 54. Rg3 Ke4 55. Rg2 Ra1 56. Kg4 Bd4 57. h4 Be3 58. Kh5 Rd1 59. Rg7 Rd8
60. a5 Bd4 61. Rg6 Kf5 62. Rg5+ Kf4 63. Rd5 Rh8+ 64. Kg6 Be5 65. h5 Rg8+ 66.
Kf7 Rh8 67. Be2 Kf5 68. Bd3+ Kf4 69. Bg6 Ra8 70. Rb5 Ra6 71. Rxb4+ Kg5 72. Rb5
Kh6 1-0

[Event "Prva liga Centralne Srbije"]
[Site "Golubac"]
[Date "2008.09.25"]
[Round "9.4"]
[White "Trickovic, Borivoje"]
[Black "Djokic, Nenad"]
[Result "0-1"]
[WhiteElo "2266"]
[BlackElo "2336"]
[PlyCount "116"]
[EventDate "2008.09.20"]

1. d4 Nf6 2. Bg5 Ne4 3. Bf4 c5 4. f3 Nf6 5. d5 Qb6 6. Nc3 Qxb2 7. Bd2 Qb6 8. e4
d6 9. Rb1 Qd8 10. f4 e5 11. fxe5 dxe5 12. Nf3 Bd6 13. Be2 O-O 14. O-O Ne8 15.
Qe1 f6 16. Qg3 a6 17. a4 b6 18. Nh4 Bc7 19. Bh5 Nd6 20. Ng6 hxg6 21. Bxg6 Rf7
22. Qh4 Nd7 23. Qh7+ Kf8 24. Rf3 Ke7 25. Bxf7 Kxf7 26. Rbf1 Ne8 27. Bg5 Bd6 28.
Qh5+ Kg8 29. Rh3 Nf8 30. Qh8+ Kf7 31. Rg3 c4 32. Rgf3 Bc5+ 33. Kh1 Qd6 34. Qh5+
Ke7 35. Bh4 Bd7 36. Rg3 Kd8 37. Qe2 Kc7 38. Qxc4 g5 39. a5 b5 40. Qb3 gxh4 41.
Rg8 Rd8 42. Rb1 Kc8 43. Na4 Nc7 44. Nb6+ Bxb6 45. axb6 Qxb6 46. c4 Qc5 47. cxb5
Bxb5 48. Rh8 f5 49. d6 Qxd6 50. exf5 Qf6 51. Rg8 Qxf5 52. h3 Nfe6 53. Rxd8+
Kxd8 54. Rd1+ Nd4 55. Qg8+ Kd7 56. Qg7+ Kc8 57. Qh8+ Kb7 58. Qxh4 Bc6 0-1

[Event "Prva liga Centralne Srbije"]
[Site "Golubac"]
[Date "2008.09.25"]
[Round "9.5"]
[White "Mitrovic, Petar"]
[Black "Pantelic, Sasa"]
[Result "1-0"]
[WhiteElo "2366"]
[BlackElo "2267"]
[PlyCount "101"]
[EventDate "2008.09.20"]

1. e4 c5 2. Nf3 d6 3. d4 cxd4 4. Nxd4 Nf6 5. Nc3 g6 6. g3 Nc6 7. Bg2 Nxd4 8.
Qxd4 Bg7 9. O-O O-O 10. a4 Be6 11. Qb4 Rb8 12. Be3 a5 13. Qb5 Nd7 14. Nd5 Bxd5
15. exd5 b6 16. Rfe1 Re8 17. Rad1 Qc7 18. c3 Ne5 19. h3 Qc4 20. Qxc4 Nxc4 21.
Bc1 Ne5 22. f4 Nd7 23. Bf1 Kf8 24. Bb5 Red8 25. Kg2 Nc5 26. Kf3 Nb3 27. Be3 h5
28. g4 hxg4+ 29. hxg4 g5 30. fxg5 Be5 31. Rh1 Kg7 32. Rh5 Rg8 33. Rdh1 Kf8 34.
Rh7 Nc5 35. Rc1 Nb3 36. Rf1 Rg7 37. Rxg7 Kxg7 38. Rh1 Nc5 39. Rh6 Kg8 40. Ke2
Bg7 41. Rh3 e5 42. dxe6 Nxe6 43. Bc4 Nf8 44. Rf3 Rb7 45. Bd5 Re7 46. Kd2 Ng6
47. Bxb6 Ne5 48. Rf5 Nxg4 49. g6 Bh6+ 50. Kc2 Re2+ 51. Kb1 1-0

[Event "Prva liga Centralne Srbije"]
[Site "Golubac"]
[Date "2008.09.25"]
[Round "9.5"]
[White "Urosevic, Zoran"]
[Black "Nikolic, Stanimir"]
[Result "0-1"]
[WhiteElo "2294"]
[BlackElo "2291"]
[PlyCount "100"]
[EventDate "2008.09.20"]

1. e4 e5 2. Nf3 Nc6 3. Bb5 a6 4. Ba4 Nf6 5. O-O b5 6. Bb3 Be7 7. Re1 d6 8. c3
O-O 9. h3 Na5 10. Bc2 c5 11. d4 Qc7 12. Nbd2 Bb7 13. Nf1 Rac8 14. d5 Nc4 15. b3
Nb6 16. Ng3 c4 17. b4 Ra8 18. Nf5 Bc8 19. Nxe7+ Qxe7 20. a4 Nxa4 21. Bxa4 bxa4
22. Rxa4 Bd7 23. Ra5 Rfb8 24. Nd2 Bb5 25. Nb1 h6 26. Na3 Ra7 27. Be3 Rab7 28.
f3 Ne8 29. g4 Kh7 30. Qd2 Nc7 31. Kg2 Ne8 32. Kg3 Rc8 33. Ra1 Qd8 34. Rh1 Ra8
35. Nc2 Qc8 36. Ne1 Bd7 37. Ng2 Rb5 38. Rha1 Rxa5 39. Rxa5 Nc7 40. Qa2 Nb5 41.
Bd2 g6 42. Ne3 f5 43. Nxc4 Qc7 44. exf5 gxf5 45. gxf5 Rg8+ 46. Kf2 Bc8 47. Ne3
Qg7 48. Qc4 Bxf5 49. Qh4 Qg1+ 50. Ke2 Qh2+ 0-1

[Event "Prva liga Centralne Srbije"]
[Site "Golubac"]
[Date "2008.09.25"]
[Round "9.5"]
[White "Milunovic, Toni"]
[Black "Misic, Dragan"]
[Result "1/2-1/2"]
[WhiteElo "2318"]
[BlackElo "2204"]
[PlyCount "58"]
[EventDate "2008.09.20"]

1. e4 c6 2. d3 d5 3. Nd2 e5 4. Ngf3 Bg4 5. h3 Bxf3 6. Nxf3 dxe4 7. dxe4 Qxd1+
8. Kxd1 Nd7 9. Bc4 f6 10. c3 Nc5 11. Re1 Ne7 12. Kc2 Nc8 13. Nd2 Nd6 14. Bf1
O-O-O 15. a4 g6 16. b4 Ne6 17. Nc4 Be7 18. Nxd6+ Rxd6 19. Be3 Kb8 20. Rad1 Rhd8
21. Rxd6 Bxd6 22. Rd1 Be7 23. Rxd8+ Bxd8 24. a5 b6 25. axb6 Bxb6 26. Bxb6 axb6
27. h4 Kc7 28. g3 Kd6 29. Bc4 h6 1/2-1/2